000
00317nam a2200145Ia 4500
100
_a
Singh/J.P/ Singh/N.P
942
_c
BK
366
_f
20
654
_a
operations research
245
_a
Operation Research
260
_b
Ane Books
_c
2014
082
_a
658.4034
_b
SIN
546
_a
ENGLISH
_c
Info.Tech
999
_c
35518
_d
35518